Wortgemisch - Städte in Norddeutschland - Statistiken

Allgemein
  • Dieses Quiz wurde 3.776 mal gespielt
    3.739 seit der letzten Aktualisierung
  • Das Durchschnittsergebnis liegt bei 10 aus 20
Antwortstatistiken
Antwort % Korrekt
Kiel
94%
Sylt
92%
Lübeck
84%
Leer
83%
Buxtehude
80%
Bremen
78%
Heide
77%
Celle
74%
Hamburg
72%
Jever
72%
Emden
71%
Husum
71%
List
70%
Peine
69%
Cuxhaven
65%
Göttingen
64%
Wedel
64%
Bremerhaven
62%
Stade
62%
Hannover
61%
Juist
61%
Wolfsburg
60%
Borkum
59%
Melle
55%
Schleswig
52%
Wilhelmshaven
52%
Hameln
51%
Osnabrück
50%
Verden
50%
Lüneburg
49%
Goslar
44%
Nordhorn
42%
Flensburg
41%
Braunschweig
39%
Hildesheim
38%
Neumünster
38%
Wangerooge
36%
Langen
35%
Wolfenbüttel
35%
Lingen
34%
Oldenburg
30%
Langeoog
28%
Salzgitter
27%
Pinneberg
25%
Helgoland
21%
Langenhagen
21%
Norderstedt
21%
Spiekeroog
19%
Elmshorn
17%
Garbsen
14%
Delmenhorst
13%
Bad Schwartau
10%
Keine übereinstimmenden Quizze gefunden
Verteilung der Resultate
Anzahl Personen mit jedem Resultat
Perzentil nach korrekt beantworteten Fragen
Ihre Resultats-Entwicklung
Sie haben dieses Quiz seit der letzten Aktualisierung nicht gespielt